000 02742nam a2200373 i 4500
001 768714001
003 CO-MdFUSB
005 20211027144320.0
007 ta
008 200715t2008 ck a|||| |||| 00| 0 spa d
020 _a9789588165462
040 _aCO-MdFUSB
_bspa
_cCO-MdFUSB
_dCO-MdFUSBC
_erda
041 _aspa
082 _223
_a323.6071
_bC266
100 _aCárdenas, Fredy Esteban
_eautor
245 _aProyecto de vida
_c/ Fredy Esteban Cárdenas
250 _aPrimera edición
264 1 _aBogotá, Colombia :
_bUNIMINUTO,
_c[2008]
264 4 _c©2008
300 _c64 páginas ;
_a29 cm
336 _2rdacontent
_atexto
_btxt
337 _2rdamedia
_asin mediación
_bn
338 _2rdacarrier
_avolumen
_bnc
490 _aUNIMINUTO Virtual y Distancia
505 _aHacia una mirada interior -- La autoobservación -- La persona que está en relación consigo mismo -- Vida después de la muerte -- ¿Quién soy yo? -- ¿Qué debo hacer? -- ¿Qué sentido tiene mi vida? -- Dimensiones del ser personal -- Definiendo el contexto -- La persona que está en relación con los otros -- Las dimensiones y el contexto -- Dimensión física -- Dimensión afectiva -- Dimensión social -- Dimensión cognitiva --- Dimensión ética-moral -- Dimensión espiritual -- Dimensión familiar -- Mecanismo de reflexión sobre sí mismo -- Ciclo vital del hombre -- Proyecciones del ser -- 1. ¿Qué es vocación? -- 2. El sentido de la propia existencia -- Vida personajes -- Estructuro mi proyecto -- ¿Qué se entiende por proyecto de vida? -- UNIMINUTO -- Estructuración -- Glosario -- Bibliografía -- Notas de pie de página -- Créditos imágenes y fotografías
520 _aProyecto de vida es un texto relacionado con el logro de competencias del desarrollo humano y la responsabilidad social. En este se abordan temáticas que llevan a la reflexión del reconocimiento de la persona como un ser integral, su capacidad de relacionarse satisfactoriamente con los diferentes contextos en los que está inmerso, y la profundización del ejercicio profesional en los diversos campos de desempeño. Adicionalmente, el lector encuentra en su contenido las bases para planificar su proyecto de vida, a partir de una reevaluación constante y de una proyección a corto, mediano y largo plazo, a través del análisis de las dimensiones del ser y los mecanismos de reflexión sobre sí mismo.
650 7 _972
_aPsicología social
650 0 _91074
_aComunicación interpersonal
653 _aProyecto de vida.
942 _cBK
945 _aDani
999 _c66512
_d66512
773 0 _066513
_979239
_aCárdenas, Fredy Esteban
_b
_d
_o8155
_tGuía del estudiante modalidad a distancia
_w(CO-MdFUSB)768714001
_x
_z9789588165462